ბათუმის შოთა რუსთაველის სახელმწიფო უნივერსიტეტის ბიბლიოთეკა

Курс физики для подготовительных отделении вузов (ბიბ.ჩანაწერი № 35040)

000 -LEADER
fixed length control field 00674nam a2200229Ia 4500
001 - CONTROL NUMBER
control field 879
003 - CONTROL NUMBER IDENTIFIER
control field GE_BSU
008 - FIXED-LENGTH DATA ELEMENTS--GENERAL INFORMATION
fixed length control field 181216s||||||||xx |||||||||||||| ||und||
040 ## - CATALOGING SOURCE
Transcribing agency GE_BSU
080 ## - UNIVERSAL DECIMAL CLASSIFICATION NUMBER
Universal Decimal Classification number 53(075.3)
100 ## - MAIN ENTRY--PERSONAL NAME
Personal name Евграфова,Н.Н.
245 ## - TITLE STATEMENT
Title Курс физики для подготовительных отделении вузов
250 ## - EDITION STATEMENT
Edition statement 2-е,перераб.
260 ## - PUBLICATION, DISTRIBUTION, ETC.
Place of publication, distribution, etc. Москва
260 ## - PUBLICATION, DISTRIBUTION, ETC.
Name of publisher, distributor, etc. Высшая школа
260 ## - PUBLICATION, DISTRIBUTION, ETC.
Date of publication, distribution, etc. 1978
300 ## - PHYSICAL DESCRIPTION
Extent 512стр.
653 ## - INDEX TERM--UNCONTROLLED
Uncontrolled term Курс физики для подготовительных отделении вузов
653 ## - INDEX TERM--UNCONTROLLED
Uncontrolled term Физика
942 ## - ADDED ENTRY ELEMENTS (KOHA)
Koha item type წიგნი
ეგზემპლარები
Withdrawn status Lost status Damaged status Not for loan Date acquired Barcode Date last seen Price effective from Koha item type
        2018-12-17 1961 2018-12-17 2018-12-17 წიგნი